00586 2200193 4500001002100000005001500021035002000036007000300056008004100059020002200100082000800122084001400130100001500144245010700159250003100266260003300297300004400330650001800374INLIS00000000000399720251107100422 a0010-1125000029ta251107 g j ind  a978-623-7089-83-4 a813 a813 MUH s0 aMuh. Ramli1 aSelalu Ada Cerita di Ramadhan /cMuh Ramli, dkk (Penulis); R. Hidayat (Desain Sampul & Tata Letak Isi) aCetakan Pertama, Juni 2020 aBantul :bLadang Kata,c2020 ax, 242 hlm :bteks , ilustrasi ;c21 cm 4aCerita Pendek